Customs, sales tax procedures and exemption facilities for manufacturers in Malaysia / (Record no. 1812)
[ view plain ]
| 000 -LEADER | |
|---|---|
| fixed length control field | nam a22 a 4500 |
| 003 - CONTROL NUMBER IDENTIFIER | |
| control field | AKMAL |
| 005 - DATE AND TIME OF LATEST TRANSACTION | |
| control field | 20170512093921.0 |
| 008 - FIXED-LENGTH DATA ELEMENTS--GENERAL INFORMATION | |
| fixed length control field | 170512s1990 my 00 eng d |
| 020 ## - INTERNATIONAL STANDARD BOOK NUMBER | |
| International Standard Book Number | 9676513229 |
| 020 ## - INTERNATIONAL STANDARD BOOK NUMBER | |
| International Standard Book Number | 9676512680 (pbk.): |
| Terms of availability | Rgt. 37.50 |
| 040 ## - CATALOGING SOURCE | |
| Original cataloging agency | AKMAL |
| 082 04 - DEWEY DECIMAL CLASSIFICATION NUMBER | |
| Classification number | 343.59505523 RAM |
| 090 ## - LOCALLY ASSIGNED LC-TYPE CALL NUMBER (OCLC); LOCAL CALL NUMBER (RLIN) | |
| Classification number (OCLC) (R) ; Classification number, CALL (RLIN) (NR) | 343.59505523 |
| Local cutter number (OCLC) ; Book number/undivided call number, CALL (RLIN) | RAM |
| 100 1# - MAIN ENTRY--PERSONAL NAME | |
| Personal name | Ramanujam K. |
| 9 (RLIN) | 3743 |
| 245 1# - TITLE STATEMENT | |
| Title | Customs, sales tax procedures and exemption facilities for manufacturers in Malaysia / |
| Statement of responsibility, etc. | K. Ramanujam |
| 260 ## - PUBLICATION, DISTRIBUTION, ETC. | |
| Place of publication, distribution, etc. | Petaling Jaya : |
| Name of publisher, distributor, etc. | Fajar Bakti, |
| Date of publication, distribution, etc. | 1990 |
| 300 ## - PHYSICAL DESCRIPTION | |
| Extent | xxii, 253p. : |
| Other physical details | ill. ; |
| Dimensions | 25cm |
| 650 ## - SUBJECT ADDED ENTRY--TOPICAL TERM | |
| Topical term or geographic name entry element | Sales tax |
| Geographic subdivision | Malaysia |
| 9 (RLIN) | 178 |
| 650 ## - SUBJECT ADDED ENTRY--TOPICAL TERM | |
| Topical term or geographic name entry element | Customs privileges |
| Geographic subdivision | Malaysia |
| 9 (RLIN) | 3744 |
| 650 ## - SUBJECT ADDED ENTRY--TOPICAL TERM | |
| Topical term or geographic name entry element | Taxation, Exemption from |
| Geographic subdivision | Malaysia |
| 9 (RLIN) | 3745 |
| 650 ## - SUBJECT ADDED ENTRY--TOPICAL TERM | |
| Topical term or geographic name entry element | Duty-free importation |
| Geographic subdivision | Malaysia |
| 9 (RLIN) | 3746 |
| 650 ## - SUBJECT ADDED ENTRY--TOPICAL TERM | |
| Topical term or geographic name entry element | Tariff |
| Geographic subdivision | Malaysia |
| 9 (RLIN) | 3747 |
| 942 ## - ADDED ENTRY ELEMENTS (KOHA) | |
| Source of classification or shelving scheme | |
| Koha item type | Book |
| Withdrawn status | Lost status | Source of classification or shelving scheme | Damaged status | Not for loan | Collection code | Home library | Current library | Shelving location | Date acquired | Inventory number | Total Checkouts | Full call number | Barcode | Date last seen | Price effective from | Koha item type |
|---|---|---|---|---|---|---|---|---|---|---|---|---|---|---|---|---|
| NON-FICTION | AKMAL Melaka | AKMAL Melaka | PINJAMAN | 12.05.2017 | 002853 | 343.59505523 RAM | 201705754 | 12.05.2017 | 12.05.2017 | Book |
